000 01475nam a2200409 a 4500
001 000111942
003 CHAP
005 20230719085525.0
008 151016s2015 mx a fsm |||||||spa d
010 _a108403
011 _a109375
040 _cCHAP
090 _aTesis
100 1 _aAlejandro Mendez, Abad
_9129954
245 1 0 _aDiseño de software para administrar el mantenimiento preventivo de un parque vehicular
_h[En línea]
_cpor Abad Alejandro Mendez.
260 _aChapingo, Méx. :
_bEl autor,
_c2015.
500 _aPara ver el contenido del material haga clic en la liga
502 _aTesis (Ing. Mecánico Agrícola) -- UACH. Departamento de Mecánica Agrícola
590 _aBATCH
_b00
_c20181121
_lUCH01
_h0758
590 _aE6096MTM
_b05
_c20151016
_lUCH01
_h1220
590 _aE6096MTM
_b05
_c20151016
_lUCH01
_h1224
590 _aE6096MTM
_b05
_c20151016
_lUCH01
_h1224
650 1 7 _aMicrosoft Access
_2
_9413
650 1 4 _aBases de datos.
_910684
650 1 4 _aBASIC (Programación)
_910695
650 1 4 _aDiseño.
_932727
650 1 4 _aLenguajes de programación.
_965989
650 1 4 _aProcesamiento automático de datos en maquinaria agrícola.
_991799
650 1 4 _aProgramación (Computadoras)
_992368
650 1 4 _aSistema de información.
_9106707
650 1 4 _aSoftware.
_9108281
856 _a1
_n0000203
856 _aFinding aid
_uhttp://10.13.5.2/tesis/sist111942.pdf
_zTeclea aquí
901 _aBK
942 _cTESIS
942 _n0
999 _c108403
_d108403